00325nam a2200121Ia 4500008004100000041000800041082001500049100002100064245003100085250001400116260003900130300003400169240624s9999 xx 000 0 und d aeng a302.35 GRE aGREENBERG JERALD aDBEHAVIOR IN ORGANIZATIONS a(8th ed.) c2004aNew DelhibPearson Education axxviii, : 491 : p. : cm. ; 28